|
|
|
|
| LEADER |
00000cam a2200000 7i4500 |
| 001 |
0000007872 |
| 002 |
000008446 |
| 005 |
20000330.0 |
| 020 |
|
|
|a 983046007X
|
| 090 |
0 |
0 |
|a 297.5
|b NUR
|
| 100 |
0 |
|
|a Nur Hidayah Abdullah
|
| 245 |
1 |
0 |
|a Fardu ain khusus wanita
|c Nur Hidayah Abdullah
|
| 260 |
|
|
|a Kuala Lumpur :
|b Darul Nu'man ,
|c 1995
|
| 300 |
|
|
|a 306p. ;
|c 21cm.
|
| 650 |
0 |
0 |
|a Islamic law
|
| 999 |
|
|
|a 00089929
|b BUKU
|c PINJAMAN
|e PERPUSTAKAAN KOMUNITI PETALING JAYA
|
| 999 |
|
|
|a 046402
|b BUKU
|c PINJAMAN
|e PERPUSTAKAAN KOMUNITI CAW KOTA DAMANSARA
|
| 999 |
|
|
|a 046403
|b BUKU
|c PINJAMAN
|e PERPUSTAKAAN KOMUNITI CAW KOTA DAMANSARA
|